|
|
|
|
| LEADER |
00000nam a22000005a 4500 |
| 001 |
3937 |
| 003 |
CL-ChBUA |
| 005 |
20120815102839.0 |
| 008 |
070301s1962 ag 000 0 spa |
| 040 |
|
|
|a CL-ChBUA
|c CL-ChBUA
|
| 082 |
0 |
0 |
|a 372.4
|
| 090 |
|
|
|c 3937
|d 3937
|
| 100 |
1 |
|
|a Braslavsky, Berta P. de.
|
| 245 |
1 |
0 |
|a La querella de los métodos en la enseñanza de la lectura :
|b sus fundamentos psicológicos y la renovación actual
|
| 260 |
|
|
|b Kapelusz.
|c 1962.
|
| 300 |
|
|
|a 294 p.
|c 20 cm.
|
| 504 |
|
|
|a Indice.
|
| 650 |
|
4 |
|a LECTURA - ENSEÑANZA.
|
| 942 |
|
|
|c LIB
|
| 952 |
|
|
|0 0
|1 0
|4 0
|7 0
|9 5785
|a UNACH
|b UNACH
|c 300
|d 2007-03-05
|i 3.722.
|l 0
|o 372.4 / B 823. c.1
|p 6784
|r 2012-12-27 00:00:00
|u 5785
|w 2012-08-08
|y LIB
|k 372.4 / B 823. c.1
|
| 952 |
|
|
|0 0
|1 0
|4 0
|7 0
|9 5786
|a UNACH
|b UNACH
|c 300
|d 2007-03-05
|i 21.381.
|l 2
|m 1
|o 372.4 / B 823. c.2
|p 6785
|r 2015-09-28 00:00:00
|s 2015-09-23
|u 5786
|w 2012-08-08
|y LIB
|k 372.4 / B 823. c.2
|
| 952 |
|
|
|0 0
|1 0
|4 0
|7 0
|9 5787
|a UNACH
|b UNACH
|c 300
|d 2007-03-05
|i 15.155.
|l 2
|o 372.4 / B 823. c.3
|p 6786
|r 2016-10-25 00:00:00
|s 2016-10-25
|u 5787
|w 2012-08-08
|y LIB
|k 372.4 / B 823. c.3
|
| 999 |
|
|
|c 3937
|d 3937
|